Dôležitosť analýzy práce pre úspešné riadenie ľudských zdrojov

Význam analýzy pre úspešné riadenie ľudských zdrojov. Vzťah analýzy práce k činnostiam riadenia ľudských zdrojov. Priebeh procesu analýzy práce (príprava, zhromažďovanie informácií, využitie informácií). Analýza práce a redizajn (pretvorenie) pracovných miest. Dotazník pre analýzu práce. Opis práce.

Na minha lista:
Detalhes bibliográficos
Autor principal: Blašková, Martina
Formato: Capítulo de Livro
Idioma:eslovaco
Assuntos:
Tags: Adicionar Tag
Sem tags, seja o primeiro a adicionar uma tag!

MARC

LEADER 00000naa a2200000 4500
001 r035230
005 20230919090117.7
041 0 |a slo 
044 |a SK 
245 1 0 |a Dôležitosť analýzy práce pre úspešné riadenie ľudských zdrojov  |c Martina Blašková 
520 |a Význam analýzy pre úspešné riadenie ľudských zdrojov. Vzťah analýzy práce k činnostiam riadenia ľudských zdrojov. Priebeh procesu analýzy práce (príprava, zhromažďovanie informácií, využitie informácií). Analýza práce a redizajn (pretvorenie) pracovných miest. Dotazník pre analýzu práce. Opis práce. 
610 2 0 |a zdroje ľudské 
610 2 0 |a riadenie 
610 2 0 |a analýza práce 
610 2 0 |a dotazníky 
610 2 0 |a formuláre 
610 2 0 |a miesta pracovné 
610 2 0 |a výkony pracovné 
100 1 |a Blašková, Martina